000 01133nam a2200313 c 4500
999 _c206747
_d206747
003 BLK
005 20201216082348.0
008 180411b bul|||||r ||||||| ||bul||
010 _aKNG00216498000
040 _aBLK
041 _aBUL
_cBUL
080 _aРуски език
_b811.161.1
_x(075.8)
_z811.161.1(075.8)
139 _aРусский язык
_bР 95
245 1 0 _aРусский язык
_bПособие по практике речи для студентов-русистов I курса
_cред. Валерий Ф. Занглигер.
250 _a3. изд.
257 _aBGR
260 _bНаука и искусство
_c1985
_aСофия
300 _a300 с.
_bс табл.
_c22см
380 _a80
650 4 _aРуски език - учебници за ВУЗ
_9248838
653 _aруски език
653 _aучебници за ВУЗ
700 1 _aЗанглигер, Валерий Ф.
_eред.
_9347162
852 _aЦб 133605
856 4 _qpdf
856 4 _qpdf
942 _cKNG
_n0
_01
_s1
944 _aCR
_c27.02.2018
_kТеодора_Стоянова
944 _aED
_c27.02.2018
_kТеодора_Стоянова
999 _d206747
999 _d206747